US States by Population-1900 - Statistics

General Stats
  • This quiz has been taken 700 times
  • The average score is 16 of 45
Answer Stats
Population State % Correct
7,268,894 New York
100%
6,302,115 Pennsylvania
86%
4,821,550 Illinois
78%
4,157,545 Ohio
76%
3,048,710 Texas
61%
2,805,346 Massachusetts
56%
3,106,665 Missouri
55%
2,420,982 Michigan
51%
2,516,462 Indiana
49%
2,216,331 Georgia
45%
2,231,853 Iowa
42%
1,854,184 Virginia
40%
2,147,174 Kentucky
38%
1,883,669 New Jersey
37%
2,020,616 Tennessee
37%
1,893,810 North Carolina
36%
1,485,053 California
35%
2,069,042 Wisconsin
35%
92,531 Wyoming
33%
1,828,697 Alabama
31%
1,751,394 Minnesota
31%
42,335 Nevada
31%
1,551,270 Mississippi
28%
184,735 Delaware
26%
161,772 Idaho
26%
1,470,495 Kansas
26%
1,381,625 Louisiana
26%
343,641 Vermont
26%
1,311,564 Arkansas
25%
528,542 Florida
25%
1,340,316 South Carolina
25%
694,466 Maine
24%
1,188,044 Maryland
24%
243,329 Montana
24%
411,588 New Hampshire
24%
428,556 Rhode Island
24%
908,420 Connecticut
23%
319,146 North Dakota
23%
401,570 South Dakota
23%
1,066,300 Nebraska
22%
276,749 Utah
22%
518,103 Washington
22%
539,700 Colorado
20%
413,536 Oregon
20%
958,800 West Virginia
20%
No matching quizzes found
Score Distribution
Percent of People with Each Score
Percentile by Number Answered
Your Score History
You have not taken this quiz